01769nam a2200361 a 450000500170000000800410001702000180005804000360007604100080011204400070012008200160012710000380014324500740018126000920025530000740034750400590042150502870048065000400076765000430080765000360085070000400088670000320092670000400095870000390099870000320103770000410106970000380111070000380114870000220118694200150120899900170122395201670124020150813154243.0150715s2014 ck a gr 00010 spa d a9789587401806 aCO-BoBLA cCO-BoBLAdCO-Bo-IAVH0 aspa ack04a634.4bN57e1 aNúñez Zarantes, Victor Manuel10aEstado del arte de la investigación en uchuva Physalis peruviana L.3 aBogotá (Colombia): bCorporación Colombiana de Investigación Agropecuaria,c2014. a80 páginas : bilustraciones, fotografías y gráficos ; c24 cm. aIncluye referencias bibliográficas (Páginas 64-77) aCaraterización y evaluación morfológica. Caraterizaciones musculares. Caracterización citogenética. Comportamiento fisiológico y fenología del fruto. Sistemas de producción. Plagas y enfermedades. Fitoquímicos bioactivos. Mejoramiento genético y biotecnología. 4aUchuvax Cultivox Investigaciones. 4aUchuvax Genéticax Investigaciones. 4aUchuvax Enfermedades y plagas.1 aSánchez Betancourt, Erika Patrcia1 aBarrero Meneses, Luz Stella1 aMayorga Cubillos, Franklin Giovanny1 aGómez Marroquín, Magda Rocío1 aHernández, Erick Geovanni1 aGarzón Martínez, Gina Alessandra1 aEnciso Rodríguez, Felix Eugenio1 aNavas Arboleda, Alejandro Alberto1 aLobo Arias, Mario 2ddccLIBRO c17673d17673 00102ddc40708GENERALIINV2017aBogotabBogotad2015-08-13eInstitutog39000.00l0oLB-634.4 N57ep039185r2015-08-13 00:00:00tEj. 1w2015-08-13xCanjeyLIBRO